000 01566cam a2200349 a 4500
999 _c194
_d194
001 14891727
003 OSt
005 20190731104437.0
008 070614r20062005nyuc d 000 1 eng
010 _a 2007276862
020 _a9780553375930 (trade pbk.)
020 _a0553375938 (trade pbk.)
040 _aDLC
_cDLC
_dDLC
082 0 0 _aFIC BRA
_222
100 1 _aBrashares, Ann.
_eauthor
245 1 0 _aGirls in pants :
_bthe third summer of the Sisterhood /
_cAnn Brashares.
250 _a1st Readers Circle ed.
260 _aNew York, NY :
_bDelacorte Press,
_c2006.
300 _a338, 13 p. :
_bport. ;
_c21 cm.
490 _aSisterhood of the travelling pants series ;
_v3
520 _aThe members of the Sisterhood of the Traveling Pants graduate from high school and spend their last summer before college learning about life and themselves. Includes readers' guide with discussion questions and an interview with the author.
650 1 _aBest friends
_vFiction.
650 1 _aFriendship
_vFiction.
650 1 _aJeans (Clothing)
_vFiction.
650 1 _aConduct of life
_vFiction.
856 4 2 _3Contributor biographical information
_uhttp://www.loc.gov/catdir/enhancements/fy0731/2007276862-b.html
856 4 2 _3Publisher description
_uhttp://www.loc.gov/catdir/enhancements/fy0731/2007276862-d.html
856 4 1 _3Sample text
_uhttp://www.loc.gov/catdir/enhancements/fy0731/2007276862-s.html
906 _a7
_bcbc
_corigcop
_d1
_encip
_f20
_gy-gencatlg
942 _2ddc
_cFIC